00613nam a2200169 i 450000100060000000300090000600500170001500700030003200800410003510000470007624500960012326000310021930000220025085200320027299900170030495201220032169548ES-MaACL20230906170539.0t|040707s1973 sp ||||1| spa d1 aGarcía Dorronsoro, Angel María.95455410aCharlas en la televisión b: todo hombre es mi hermano / cAngel Mª García Dorronsoro. aMadrid : bRialp, c[1973] a186 p. ; c19 cm. aES-MaACLjC-55798 bR.88558 c69548d69548 00104070aATENEOMbATENEOMcDEPO2d2008-01-17eSCl0oC-55798p1072827r2023-02-23 00:00:00w2023-02-23yMONOGRAFIA